[Event "Zadar op-B 25th"]
[Site "Zadar"]
[Date "2018.12.20"]
[Round "7"]
[White "Kljako, Damir"]
[Black "Cvitan, Ena"]
[Result "1/2-1/2"]
[WhiteElo "2062"]
[BlackElo "2211"]
[PlyCount "65"]
[EventDate "2018.12.15"]
[EventType "swiss"]
[EventRounds "9"]
[EventCountry "CRO"]
[SourceTitle "CBM 188 Extra"]
[Source "ChessBase"]
[SourceDate "2019.02.26"]
[SourceVersion "1"]
[SourceVersionDate "2019.02.26"]
[SourceQuality "1"]

1. d4 d5 2. c4 e6 3. Nc3 a6 4. cxd5 exd5 5. Nf3 Nf6 6. Bf4 Bd6 7. Bxd6 Qxd6 8. e3 Bf5 9. Bd3 Bxd3 10. Qxd3 0-0 11. 0-0 Nbd7 12. e4 dxe4 13. Nxe4 Nxe4 14. Qxe4 Nf6 15. Qc2 Rfe8 16. Rfe1 Rxe1+ 17. Rxe1 Rd8 18. h3 h6 19. a3 a5 20. Rc1 Nd5 21. Re1 b6 22. Qa4 Kf8 23. Ne5 Nf4 24. Re4 Ne6 25. Nf3 g6 26. Qc4 Qd5 27. Qe2 Kg7 28. Qe3 Qa2 29. Qc3 Kg8 30. Qe3 Kg7 31. Qc3 Kg8 32. Qe3 Kg7 33. Qc3 1/2-1/2

[Event "Topusko op 5th"]
[Site "Topusko"]
[Date "2016.08.10"]
[Round "6"]
[White "Kljako, Damir"]
[Black "Pandurevic, Miro"]
[Result "0-1"]
[WhiteElo "2181"]
[BlackElo "2295"]
[PlyCount "64"]
[EventDate "2016.08.06"]
[EventType "swiss"]
[EventRounds "9"]
[EventCountry "CRO"]
[SourceTitle "CBM 173 Extra"]
[Source "ChessBase"]
[SourceDate "2016.08.29"]
[SourceVersion "1"]
[SourceVersionDate "2016.08.29"]
[SourceQuality "1"]

1. d4 g6 2. c4 Bg7 3. Nc3 d6 4. e4 Nc6 5. Be3 e5 6. d5 Nd4 7. Nge2 Nxe2 8. Bxe2 f5 9. f3 Nf6 10. 0-0 0-0 11. Qd2 b6 12. b4 f4 13. Bf2 g5 14. c5 Rf7 15. Rac1 Bf8 16. Bb5 Nd7 17. cxd6 cxd6 18. Bc6 Rb8 19. Bxd7 Bxd7 20. b5 g4 21. a4 gxf3 22. g3 Bh3 23. Rfe1 Bh6 24. Rc2 Qd7 25. Qd3 Kh8 26. Nd1 Rg8 27. Qc3 Qg4 28. Kh1 Bg2+ 29. Kg1 Qh3 30. Qc6 Rf6 31. Qb7 Bf8 32. Rc7 Qxh2+ 0-1

[Event "Topusko op 5th"]
[Site "Topusko"]
[Date "2016.08.07"]
[Round "3"]
[White "Ivekovic, Ana"]
[Black "Kljako, Damir"]
[Result "1/2-1/2"]
[WhiteElo "2104"]
[BlackElo "2181"]
[PlyCount "64"]
[EventDate "2016.08.06"]
[EventType "swiss"]
[EventRounds "9"]
[EventCountry "CRO"]
[SourceTitle "CBM 173 Extra"]
[Source "ChessBase"]
[SourceDate "2016.08.29"]
[SourceVersion "1"]
[SourceVersionDate "2016.08.29"]
[SourceQuality "1"]

1. d4 g6 2. c4 Bg7 3. Nc3 c5 4. d5 d6 5. Bf4 a6 6. Qd2 Nd7 7. Nf3 Ngf6 8. Bh6 0-0 9. h4 b5 10. Bxg7 Kxg7 11. h5 Rh8 12. h6+ Kf8 13. cxb5 Qa5 14. bxa6 Bxa6 15. e4 Ng4 16. Bxa6 Qxa6 17. Qe2 f6 18. Nb5 Rb8 19. a4 Qa5+ 20. Nd2 Nge5 21. 0-0 g5 22. b3 Rg8 23. Rfb1 Rg6 24. Nf1 g4 25. Qe3 Nf7 26. Ng3 Nxh6 27. Nh5 Nf7 28. Nf4 Rh6 29. Ne6+ Kg8 30. Qg3 Rg6 31. Nf4 Rg5 32. Ne6 Rg6 1/2-1/2

[Event "Topusko op 4th"]
[Site "Topusko"]
[Date "2015.08.05"]
[Round "6"]
[White "Kljako, Damir"]
[Black "Dejanovic, Mladen"]
[Result "1/2-1/2"]
[WhiteElo "2203"]
[BlackElo "2034"]
[PlyCount "106"]
[EventDate "2015.08.01"]
[EventType "swiss"]
[EventRounds "9"]
[EventCountry "CRO"]
[SourceTitle "CBM 167 Extra"]
[Source "ChessBase"]
[SourceDate "2015.09.14"]
[SourceVersion "1"]
[SourceVersionDate "2015.09.14"]
[SourceQuality "1"]

1. d4 d5 2. c4 e6 3. Nc3 Nf6 4. Bg5 Nbd7 5. cxd5 exd5 6. a3 c6 7. e3 Be7 8. Qc2 0-0 9. Bd3 Re8 10. Nf3 Nf8 11. Bf4 Ng6 12. Bg3 Bd6 13. Bxd6 Qxd6 14. h3 Nf4 15. Bf1 Ng6 16. Be2 Bd7 17. 0-0 Qe7 18. Nd2 Ne4 19. Ncxe4 dxe4 20. Qc5 f5 21. Qxe7 Rxe7 22. Kh2 Rd8 23. Bh5 Nf8 24. Be2 Ng6 25. g3 Be6 26. Rac1 Ne5 27. b4 Nd7 28. Rc2 Nb6 29. Rb1 a6 30. Ra1 g5 31. a4 Ra8 32. Rc5 Bd5 33. Ra5 Rf8 34. b5 axb5 35. axb5 f4 36. gxf4 gxf4 37. Rg1+ Rg7 38. Rxg7+ Kxg7 39. exf4 Rxf4 40. Kg3 Rf8 41. bxc6 bxc6 42. Ra7+ Kg6 43. Ra6 Nd7 44. Nc4 h5 45. h4 Rf7 46. Ra7 Bxc4 47. Bxc4 Rf3+ 48. Kg2 Nf6 49. Ra6 Ng4 50. Rxc6+ Kg7 51. Rc7+ Kg6 52. Rc6+ Kg7 53. Rc7+ Kg6 1/2-1/2

[Event "Topusko op 4th"]
[Site "Topusko"]
[Date "2015.08.04"]
[Round "5"]
[White "Kljako, Damir"]
[Black "Zugaj, Marijan"]
[Result "1-0"]
[WhiteElo "2203"]
[BlackElo "1878"]
[PlyCount "57"]
[EventDate "2015.08.01"]
[EventType "swiss"]
[EventRounds "9"]
[EventCountry "CRO"]
[SourceTitle "CBM 167 Extra"]
[Source "ChessBase"]
[SourceDate "2015.09.14"]
[SourceVersion "1"]
[SourceVersionDate "2015.09.14"]
[SourceQuality "1"]

1. d4 d5 2. c4 e6 3. Nc3 c6 4. cxd5 exd5 5. Nf3 Bd6 6. e4 dxe4 7. Nxe4 Be6 8. Nxd6+ Qxd6 9. a3 Nd7 10. Be2 Ngf6 11. Bd2 Nd5 12. g3 0-0 13. Qc2 Rfe8 14. 0-0 Rac8 15. Ng5 N7f6 16. Bd3 g6 17. b4 Bg4 18. f3 Be6 19. Rfe1 Rcd8 20. Rad1 Nh5 21. Ne4 Qb8 22. Kf2 Qc8 23. Bg5 f6 24. Bc1 Bf5 25. Bc4 Qb8 26. Kg1 Kg7 27. g4 Rxe4 28. fxe4 Bxg4 29. exd5 1-0

[Event "Topusko op 4th"]
[Site "Topusko"]
[Date "2015.08.01"]
[Round "1"]
[White "Kljako, Damir"]
[Black "Mudrinic, Nenad"]
[Result "1-0"]
[WhiteElo "2203"]
[BlackElo "1745"]
[PlyCount "191"]
[EventDate "2015.08.01"]
[EventType "swiss"]
[EventRounds "9"]
[EventCountry "CRO"]
[SourceTitle "CBM 167 Extra"]
[Source "ChessBase"]
[SourceDate "2015.09.14"]
[SourceVersion "1"]
[SourceVersionDate "2015.09.14"]
[SourceQuality "1"]

1. d4 Nf6 2. c4 g6 3. Nc3 Bg7 4. e4 d6 5. f3 0-0 6. Bg5 Nbd7 7. Qd2 c5 8. d5 Re8 9. Nh3 Nb6 10. Nf2 a6 11. Be2 e5 12. dxe6 Bxe6 13. b3 Qc7 14. Rd1 Nc8 15. 0-0 Rb8 16. g4 Bd7 17. Rc1 b5 18. Qf4 Re6 19. Rfd1 b4 20. Nb1 h5 21. h3 Nh7 22. Bh4 Be5 23. Qd2 hxg4 24. hxg4 Bc6 25. Nd3 Bd4+ 26. Kg2 f5 27. Nf4 Re8 28. Nd5 Bxd5 29. cxd5 fxe4 30. Qxd4 cxd4 31. Rxc7 d3 32. Bf1 Nb6 33. fxe4 Rxe4 34. Bxd3 Rxg4+ 35. Kh3 Rd4 36. Bf2 Ng5+ 37. Kh2 Nxd5 38. Rc4 Rf4 39. Rxf4 Nxf4 40. Bc4+ Kg7 41. Bd4+ Kh7 42. Kg3 Nh5+ 43. Kg4 Ne4 44. Nd2 Nhf6+ 45. Bxf6 Nf2+ 46. Kg5 Nxd1 47. Bd3 Nc3 48. Bxg6+ Kg8 49. Ne4 Nxe4+ 50. Bxe4 Rb5+ 51. Kf4 Ra5 52. Be7 Rxa2 53. Bxd6 a5 54. Bc6 Kf7 55. Ke5 Rh2 56. Ba4 Rh5+ 57. Kd4 Ke6 58. Bc7 Rg5 59. Kc4 Rh5 60. Bc6 Rf5 61. Bg2 Rg5 62. Bh3+ Ke7 63. Bc8 Rh5 64. Bg3 Kd8 65. Bg4 Rh1 66. Kb5 Ra1 67. Be6 Ra3 68. Bd6 a4 69. bxa4 Re3 70. Bc4 b3 71. Ba3 Kc7 72. Kb4 Kb6 73. a5+ Ka7 74. Kb5 Re5+ 75. Bc5+ Ka8 76. Bxb3 Re1 77. Bd5+ Kb8 78. Ka6 Rd1 79. Bd6+ Kc8 80. Be6+ Kd8 81. Bg3 Rd3 82. Bf4 Rf3 83. Be5 Re3 84. Bf6+ Kc7 85. Bc4 Re4 86. Bd5 Re1 87. Bh4 Rd1 88. Bg3+ Kd7 89. Be4 Rg1 90. Bf2 Rf1 91. Bb6 Rf4 92. Bg2 Kc8 93. Bc5 Rf6+ 94. Kb5 Rg6 95. Be4 Kb8 96. Bxg6 1-0

[Event "Pula op 29th"]
[Site "Pula"]
[Date "2015.06.16"]
[Round "5"]
[White "Kljako, Damir"]
[Black "Tomazini, Aljosa"]
[Result "1/2-1/2"]
[WhiteElo "2197"]
[BlackElo "2314"]
[PlyCount "32"]
[EventDate "2015.06.13"]
[EventType "swiss"]
[EventRounds "9"]
[EventCountry "CRO"]
[SourceTitle "CBM 167 Extra"]
[Source "ChessBase"]
[SourceDate "2015.09.14"]
[SourceVersion "1"]
[SourceVersionDate "2015.09.14"]
[SourceQuality "1"]

1. d4 Nf6 2. Nf3 g6 3. Bg5 Bg7 4. Nbd2 d5 5. h3 c5 6. c3 Qb6 7. Qb3 Nc6 8. e3 0-0 9. Be2 Bf5 10. 0-0 h6 11. Bf4 g5 12. Bg3 Rfc8 13. Ne5 cxd4 14. exd4 e6 15. Rac1 Qxb3 16. axb3 Ne4 1/2-1/2

[Event "Bosnjaci op 20th"]
[Site "Bosnjaci"]
[Date "2015.01.06"]
[Round "6"]
[White "Boban, Sten"]
[Black "Kljako, Damir"]
[Result "0-1"]
[WhiteElo "1993"]
[BlackElo "2176"]
[PlyCount "48"]
[EventDate "2015.01.03"]
[EventType "swiss"]
[EventRounds "9"]
[EventCountry "CRO"]
[SourceTitle "CBM 164 Extra"]
[Source "ChessBase"]
[SourceDate "2015.03.02"]
[SourceVersion "1"]
[SourceVersionDate "2015.03.02"]
[SourceQuality "1"]

1. d4 g6 2. Nf3 Bg7 3. g3 c5 4. c3 cxd4 5. cxd4 Nc6 6. Bg2 d6 7. 0-0 h5 8. h4 Bg4 9. Qa4 Bd7 10. Qd1 Nh6 11. d5 Ne5 12. Nxe5 Bxe5 13. e4 Ng4 14. Na3 Rc8 15. Qe2 Qb6 16. Rb1 Bxg3 17. Nc4 Bxf2+ 18. Rxf2 Rxc4 19. Qxc4 Qxf2+ 20. Kh1 Qxh4+ 21. Kg1 Qf2+ 22. Kh1 Qg3 23. Kg1 0-0 24. Bd2 Qf2+ 0-1

[Event "Bosnjaci op 20th"]
[Site "Bosnjaci"]
[Date "2015.01.06"]
[Round "5"]
[White "Kljako, Damir"]
[Black "Mrkonjic, Nenad"]
[Result "0-1"]
[WhiteElo "2176"]
[BlackElo "2379"]
[PlyCount "98"]
[EventDate "2015.01.03"]
[EventType "swiss"]
[EventRounds "9"]
[EventCountry "CRO"]
[SourceTitle "CBM 164 Extra"]
[Source "ChessBase"]
[SourceDate "2015.03.02"]
[SourceVersion "1"]
[SourceVersionDate "2015.03.02"]
[SourceQuality "1"]

1. d4 Nf6 2. c4 e6 3. Nc3 b6 4. e4 d6 5. f3 Be7 6. Be3 0-0 7. Bd3 Nbd7 8. Nge2 a6 9. 0-0 Rb8 10. a4 g6 11. Kh1 Nh5 12. Qd2 a5 13. b3 Ng7 14. Rae1 Bb7 15. d5 e5 16. g4 Nc5 17. Bc2 Qd7 18. Rg1 Rbe8 19. Rg2 Bc8 20. Bh6 Qd8 21. Reg1 Bd7 22. Ng3 Kh8 23. Nf5 Nxf5 24. gxf5 Rg8 25. Nd1 Bf6 26. fxg6 Rxg6 27. Rxg6 hxg6 28. Nf2 Kh7 29. Be3 Rh8 30. Nd3 Nxd3 31. Bxd3 Kg7 32. Bg5 Rh5 33. Be3 Qh8 34. Rb1 Rh3 35. Qg2 Rh4 36. Rb2 Qd8 37. Rf2 Qe7 38. Bf1 Rh5 39. Be2 Bh3 40. Qg1 Bh4 41. f4 Bxf2 42. Qxf2 Rh4 43. fxe5 Rxe4 44. e6 fxe6 45. dxe6 Qxe6 46. Bd4+ Kg8 47. Bf3 Re1+ 48. Qg1 Rxg1+ 49. Bxg1 Bf5 0-1

[Event "Topusko op 3rd"]
[Site "Topusko"]
[Date "2014.08.09"]
[Round "2"]
[White "Lukic, Milutin"]
[Black "Kljako, Damir"]
[Result "1-0"]
[WhiteElo "1983"]
[BlackElo "2200"]
[PlyCount "149"]
[EventDate "2014.08.08"]
[EventType "swiss"]
[EventRounds "9"]
[EventCountry "CRO"]
[SourceTitle "CBM 162 Extra"]
[Source "ChessBase"]
[SourceDate "2014.10.17"]
[SourceVersion "1"]
[SourceVersionDate "2014.10.17"]
[SourceQuality "1"]

1. d4 g6 2. Nf3 Bg7 3. c3 d6 4. h3 Nd7 5. e4 c5 6. Bc4 Nb6 7. dxc5 Nxc4 8. Qa4+ Bd7 9. Qxc4 Qc7 10. Be3 Rc8 11. Nbd2 dxc5 12. 0-0 b5 13. Qe2 Nf6 14. Rfe1 0-0 15. Bg5 Rfe8 16. Qe3 a5 17. Rad1 Be6 18. a3 b4 19. c4 Nd7 20. axb4 axb4 21. b3 Bc3 22. Bf4 Qb6 23. Re2 Bg7 24. Nf1 Nb8 25. Ng5 Rc6 26. Red2 Bd4 27. Qg3 f6 28. Nf3 Bc3 29. Rd3 Rcc8 30. Ne3 Nc6 31. Nd5 Bxd5 32. Rxd5 Nd4 33. Nxd4 Bxd4 34. h4 Kf7 35. h5 Rg8 36. h6 g5 37. Be3 Be5 38. Qf3 Bf4 39. Bxf4 gxf4 40. Qxf4 Qe6 41. Qf5 Qxf5 42. exf5 Rg5 43. g3 Rh5 44. Ra1 Rxh6 45. Ra5 Rh5 46. Raxc5 Rxc5 47. Rxc5 Rg5 48. Kg2 Ke8 49. f4 Rh5 50. Rb5 Kd7 51. Kf3 Kc6 52. Kg4 Rh2 53. Rxb4 h5+ 54. Kf3 h4 55. gxh4 Rxh4 56. Rb5 Rh1 57. Rb8 Kc7 58. Rb4 Kc6 59. Rb5 Rf1+ 60. Kg4 Rh1 61. b4 Rc1 62. Rc5+ Kb6 63. Kh5 Rb1 64. Kg6 Re1 65. Kf7 Re4 66. Rc8 Rxc4 67. Re8 Kc7 68. Rxe7+ Kc8 69. Kxf6 Rxb4 70. Kg5 Kd8 71. Re5 Rb1 72. f6 Rg1+ 73. Kf5 Rh1 74. f7 Rh8 75. Kg6 1-0

[Event "Krk Golden Island op 2nd"]
[Site "Malinska"]
[Date "2014.04.10"]
[Round "7"]
[White "Kljako, Damir"]
[Black "Bratkovic, Sham"]
[Result "0-1"]
[WhiteElo "2202"]
[BlackElo "2101"]
[PlyCount "92"]
[EventDate "2014.04.06"]
[EventType "swiss"]
[EventRounds "9"]
[EventCountry "CRO"]
[SourceTitle "CBM 159 Extra"]
[Source "ChessBase"]
[SourceDate "2014.04.24"]
[SourceVersion "1"]
[SourceVersionDate "2014.04.24"]
[SourceQuality "1"]

1. d4 d5 2. Nf3 Nf6 3. Bf4 c5 4. e3 Nc6 5. c3 Qb6 6. Qb3 c4 7. Qxb6 axb6 8. Nbd2 b5 9. a3 b4 10. cxb4 Nxb4 11. Rc1 Nc6 12. Be2 Bf5 13. h3 h6 14. 0-0 e6 15. g4 Bg6 16. Ne5 Nxe5 17. Bxe5 Ne4 18. Nxe4 Bxe4 19. f3 Bg6 20. e4 f6 21. Bg3 Kd7 22. exd5 exd5 23. Bd1 Bd6 24. Bxd6 Kxd6 25. Kf2 Ra6 26. Bc2 Bxc2 27. Rxc2 Re8 28. Rd1 Rb6 29. Rdd2 Rb3 30. Rc3 Rxc3 31. bxc3 Ra8 32. Ra2 Ra6 33. Ke3 Rb6 34. Kf4 Rb3 35. Rc2 Rxa3 36. Kf5 b5 37. f4 b4 38. cxb4 Rxh3 39. Kg6 Rg3 40. Kf5 Rd3 41. Kg6 Rxd4 42. Rf2 c3 43. Kxg7 Rd2 44. Rf1 c2 45. Rc1 d4 46. Kxf6 d3 0-1

[Event "Krk Golden Island op 2nd"]
[Site "Malinska"]
[Date "2014.04.09"]
[Round "6"]
[White "Kljako, Damir"]
[Black "Monjac, Mislav"]
[Result "1/2-1/2"]
[WhiteElo "2202"]
[BlackElo "2137"]
[PlyCount "33"]
[EventDate "2014.04.06"]
[EventType "swiss"]
[EventRounds "9"]
[EventCountry "CRO"]
[SourceTitle "CBM 159 Extra"]
[Source "ChessBase"]
[SourceDate "2014.04.24"]
[SourceVersion "1"]
[SourceVersionDate "2014.04.24"]
[SourceQuality "1"]

1. d4 Nf6 2. c4 e6 3. Nf3 c5 4. d5 d6 5. Nc3 exd5 6. cxd5 g6 7. e4 Bg7 8. Be2 0-0 9. 0-0 Bg4 10. Nd2 Bxe2 11. Qxe2 a6 12. a4 Nbd7 13. Nc4 Nb6 14. Ne3 Qe7 15. a5 Nbd7 16. Nc4 Ne8 17. Bd2 1/2-1/2

[Event "Krk Golden Island op 2nd"]
[Site "Malinska"]
[Date "2014.04.07"]
[Round "2"]
[White "Nevednichy, Vladislav"]
[Black "Kljako, Damir"]
[Result "1-0"]
[WhiteElo "2552"]
[BlackElo "2202"]
[PlyCount "67"]
[EventDate "2014.04.06"]
[EventType "swiss"]
[EventRounds "9"]
[EventCountry "CRO"]
[SourceTitle "CBM 159 Extra"]
[Source "ChessBase"]
[SourceDate "2014.04.24"]
[SourceVersion "1"]
[SourceVersionDate "2014.04.24"]
[SourceQuality "1"]

1. e4 g6 2. d4 Bg7 3. c3 d6 4. Nf3 Nf6 5. Bd3 0-0 6. 0-0 c5 7. h3 cxd4 8. cxd4 Nc6 9. Nc3 a6 10. Be3 e5 11. d5 Ne7 12. a4 Nd7 13. Qb3 b6 14. Qa3 Nc5 15. Be2 f5 16. Ng5 h6 17. Bxc5 bxc5 18. Ne6 Bxe6 19. dxe6 fxe4 20. Nxe4 Nf5 21. Bc4 Kh7 22. Qd3 a5 23. Qd5 Rb8 24. Rad1 Qb6 25. Bb5 Rfd8 26. Bd7 Qxb2 27. Nxd6 Nd4 28. Ne4 Bf8 29. e7 Bxe7 30. Qf7+ Kh8 31. Qxe7 Ne2+ 32. Kh1 Rg8 33. Bb5 Rg7 34. Rd8+ 1-0

[Event "Zadar op-B 20th"]
[Site "Zadar"]
[Date "2013.12.18"]
[Round "6"]
[White "Mihalinec, Damir"]
[Black "Kljako, Damir"]
[Result "1-0"]
[WhiteElo "2230"]
[BlackElo "2187"]
[PlyCount "117"]
[EventDate "2013.12.15"]
[EventType "swiss"]
[EventRounds "9"]
[EventCountry "CRO"]
[SourceTitle "CBM 158 Extra"]
[Source "ChessBase"]
[SourceDate "2014.02.28"]
[SourceVersion "1"]
[SourceVersionDate "2014.02.28"]
[SourceQuality "1"]

1. c4 g6 2. Nc3 Bg7 3. g3 e5 4. Bg2 Ne7 5. e3 Nbc6 6. Nge2 f5 7. d4 e4 8. 0-0 0-0 9. Rb1 a5 10. a3 d5 11. cxd5 Nxd5 12. Nxd5 Qxd5 13. Bd2 Qf7 14. Qc2 Be6 15. b3 a4 16. bxa4 Bc4 17. Nf4 g5 18. Rfc1 Ba6 19. Nh3 Bd3 20. Qb3 Bxb1 21. Qxb7 Bd3 22. Qxc6 Ra6 23. Qc5 Qh5 24. Bb4 Rf7 25. Qd5 h6 26. a5 Kh7 27. Kh1 Qg6 28. Ng1 Qe6 29. Qxe6 Rxe6 30. Bf1 Bxf1 31. Rxf1 f4 32. gxf4 gxf4 33. Re1 fxe3 34. fxe3 h5 35. Ne2 Bh6 36. Nc3 Rf3 37. d5 Re8 38. Bc5 Ra8 39. Nxe4 Rxa5 40. Kg2 Rf5 41. Rc1 Kg6 42. Bb4 Ra7 43. Rc6+ Kh7 44. Nf6+ Kh8 45. e4 Rg5+ 46. Kf3 Bg7 47. h4 Rg6 48. e5 Bxf6 49. exf6 Kg8 50. Kf4 Kf7 51. Kf5 Rg2 52. Bc5 Rb7 53. Re6 c6 54. dxc6 Rc7 55. Bb6 Rc8 56. c7 Rg3 57. Re7+ Kf8 58. Rd7 Rxc7 59. Bxc7 1-0

[Event "CRO-chT2S"]
[Site "Makarska"]
[Date "2013.10.04"]
[Round "4.2"]
[White "Kljako, Damir"]
[Black "Saric, Ibro"]
[Result "0-1"]
[WhiteElo "2190"]
[BlackElo "2562"]
[PlyCount "104"]
[EventDate "2013.04.05"]
[EventType "team-tourn"]
[EventRounds "9"]
[EventCountry "CRO"]
[SourceTitle "EXT 2014"]
[Source "ChessBase"]
[SourceDate "2013.11.20"]
[SourceVersion "1"]
[SourceVersionDate "2013.11.20"]
[SourceQuality "1"]
[WhiteTeam "Privlaka Sveti Vid"]
[BlackTeam "Split Mornar"]
[WhiteTeamCountry "CRO"]
[BlackTeamCountry "CRO"]

1. d4 Nf6 2. Nf3 e6 3. Bg5 c5 4. e3 Be7 5. c3 b6 6. a4 0-0 7. Nbd2 cxd4 8. exd4 Bb7 9. Bd3 a6 10. 0-0 d6 11. Qe2 Nbd7 12. Rfe1 Re8 13. Bh4 h6 14. h3 Nh5 15. Bxe7 Qxe7 16. g3 Nhf6 17. Qd1 Qd8 18. Ne4 Qc7 19. Nxf6+ Nxf6 20. Bf1 e5 21. dxe5 dxe5 22. Bg2 Rad8 23. Qe2 Bxf3 24. Bxf3 e4 25. Bg2 Rd3 26. Kh2 h5 27. Rad1 h4 28. Rxd3 exd3 29. Qd2 Rxe1 30. Qxe1 Qd6 31. Bf3 d2 32. Qe2 g6 33. Kg2 Nd7 34. c4 Qd4 35. b3 Ne5 36. Qd1 Nxf3 37. Kxf3 Qd3+ 38. Kg2 a5 39. gxh4 f5 40. h5 g5 41. h6 Kh7 42. Qa1 Qd7 43. Qd1 Kxh6 44. Kf1 Qd3+ 45. Kg2 Qe4+ 46. Kf1 Qd3+ 47. Kg2 g4 48. hxg4 fxg4 49. Kh2 Kg5 50. Kg1 Kf4 51. Kh2 g3+ 52. Kg2 Qe4+ 0-1

[Event "Topusko op 2nd"]
[Site "Topusko"]
[Date "2013.08.06"]
[Round "4"]
[White "Kljako, Damir"]
[Black "Vujnovic, Marko"]
[Result "1-0"]
[WhiteElo "2177"]
[BlackElo "1949"]
[PlyCount "29"]
[EventDate "2013.08.03"]
[EventType "swiss"]
[EventRounds "7"]
[EventCountry "CRO"]
[SourceTitle "CBM 155 Extra"]
[Source "ChessBase"]
[SourceDate "2013.08.26"]
[SourceVersion "1"]
[SourceVersionDate "2013.08.26"]
[SourceQuality "1"]

1. d4 Nf6 2. c4 d6 3. Nf3 c6 4. Nc3 Qc7 5. Bg5 Nbd7 6. h3 e5 7. e3 Be7 8. Be2 Nf8 9. Bh4 a5 10. Bg3 exd4 11. Nxd4 Ng6 12. c5 Be6 13. 0-0 0-0 14. Nxe6 fxe6 15. cxd6 1-0